| 000 | 00708nam a2200229Ia 4500 | ||
|---|---|---|---|
| 001 | dia_4193 | ||
| 003 | CHAP | ||
| 005 | 20251014145659.0 | ||
| 008 | 220601s9999 xx 000 0 und d | ||
| 040 |
_amxchpua _erda |
||
| 090 | _aFOLLETO 2694 | ||
| 100 |
_aTamayo Esquer, Luis Miguel _9176018 |
||
| 245 | _aManejo integrado de maleza perenne en los cultivos de Sonora / Luis Miguel Tamayo Esquer | ||
| 260 | _aSonora, México : INIFAP | ||
| 300 | _a96 p. | ||
| 500 | _aS/c (Folleto técnico, 38) | ||
| 650 |
_a1. Maleza-Cultivos2. Maleza-SonoraÌ _9176019 |
||
| 901 | _aFOLLETO 2694 | ||
| 902 | _aM | ||
| 905 | _a0000002000 mx A 0000000000spa00 | ||
| 942 |
_cFOLL _2local |
||
| 999 |
_c209474 _d209474 |
||